000 00610nam a2200205 u 4500
005 20240529063635.0
008 120703s2009 r 000 0 eng d
020 _a9786074714203
035 _aUPN01000185661
049 _aI
050 4 _aPZ76.3
_bW4.9
100 1 _aWestphalen, Inés
245 1 4 _aLos zapatos del elefante /
_cInés Westphalen ; il. Natalia Gurovich.
260 _aMéxico :
_bSM,
_c2009.
300 _a28 p. :
_bprincipalmente il. col.
440 0 _aEl barco de vapor.
_pLos piratas ;
_v15
650 4 _aElefantes
_vCuentos y leyendas
_99255
905 _aInfantil
999 _c157764
_d157764